000 01205cam a2200349 i 4500
999 _c1320
_d1320
001 18425220
003 OSt
005 20221228121805.0
008 150105s2015 nyuab j b 001 0 eng
010 _a 2014046722
020 _a9780778780663 (pbk. : alk. paper)
040 _aDLC
_beng
_cDLC
_erda
_dDLC
042 _apcc
043 _aa-ir---
082 0 0 _a394.26955 PEP
_223
100 1 _aPeppas, Lynn.
_eAuthor
245 1 0 _aCultural traditions in Iran /
_cLynn Peppas.
264 1 _aNew York :
_bCrabtree Publishing Company,
_c[2015]
300 _a32 pages :
_bcolor illustrations, color map ;
_c29 cm.
336 _atext
_2rdacontent
337 _aunmediated
_2rdamedia
338 _avolume
_2rdacarrier
490 0 _aCultural traditions in my world
504 _aIncludes bibliographical references and index.
521 0 _aGrades K-3.
650 0 _aFestivals
_zIran
_vJuvenile literature.
650 0 _aHolidays
_zIran
_vJuvenile literature.
651 0 _aIran
_xSocial life and customs
_vJuvenile literature.
906 _a7
_bcbc
_corignew
_d1
_eecip
_f20
_gy-gencatlg
942 _2ddc
_cNFIC